| 000 | 02027nam a22003617a 4500 | ||
|---|---|---|---|
| 001 | 13251089 | ||
| 003 | OSt | ||
| 005 | 20210426111320.0 | ||
| 008 | 030624s2003 coua b 001 0 eng | ||
| 010 | _a 2003014600 | ||
| 020 | _a0813333245 (hbk. : alk. paper) | ||
| 020 | _a9780813332758 | ||
| 040 |
_aDLC _cDLC _dDLC |
||
| 042 | _apcc | ||
| 050 | 0 | 0 |
_aJZ4986 _b.S358 2003 |
| 080 |
_a32 _bS-33 |
||
| 082 | 0 | 0 |
_a341.23/09/044 _221 |
| 100 | 1 | _aSchlesinger, Stephen C. | |
| 245 | 1 | 0 |
_aAct of creation : _bthe founding of the United Nations : a story of superpowers, secret agents, wartime allies and enemies, and their quest for a peaceful world / _cStephen C. Schlesinger. |
| 260 |
_aBoulder, Colo. : _bWestview Press, _cc2003. |
||
| 300 |
_axviii, 374 p. : _bill. ; _c25 cm. |
||
| 504 | _aIncludes bibliographical references (p. 349-355) and index. | ||
| 505 | 0 | _aThe takeover -- The League follies : Wilson and Roosevelt -- The unlikely pilgrimage of Leo Pasvolsky -- Yalta and aftermath : Roosevelt's last acts -- Truman and Stettinius : the awkward alliance -- Secret agents, big powers -- Americanizing the conference -- The bitter trade-off -- Full-court press -- The amendment marathon -- Rockefeller's bounty : the regional option -- The twenty-three questions -- The mission to Moscow -- The final battles -- The fall of Stettinius -- The ratification story. | |
| 610 | 2 | 0 |
_aUnited Nations _xHistory. |
| 653 | _aპოლიტიკა | ||
| 856 | 4 | 1 |
_3Table of contents _uhttp://www.loc.gov/catdir/toc/ecip046/2003014600.html |
| 856 | 4 | 2 |
_3Book review (H-Net) _uhttp://www.h-net.org/review/hrev-a0e3w5-aa |
| 856 | 4 | 2 |
_3Contributor biographical information _uhttp://www.loc.gov/catdir/enhancements/fy0833/2003014600-b.html |
| 856 | 4 | 2 |
_3Publisher description _uhttp://www.loc.gov/catdir/enhancements/fy0833/2003014600-d.html |
| 906 |
_a7 _bcbc _corignew _d1 _eecip _f20 _gy-gencatlg |
||
| 942 |
_2udc _cBK |
||
| 999 |
_c957 _d957 |
||